Governorates of Iraq on a Map - Statistics

General Stats
  • This quiz has been taken 5,368 times
  • The average score is 9 of 18
Answers on the Map
Answers color-coded by a green-red scale on the quiz's map according to % correct below.
 
Answer Stats
Governorate % Correct
Baghdad
96%
Basra
81%
Erbil
75%
Kirkuk
61%
Al Anbar
57%
Karbala
53%
Najaf
52%
Nineveh
49%
Sulaymaniyah
47%
Duhok
45%
Babil
43%
Saladin
41%
Wasit
37%
Diyala
36%
Muthanna
34%
Dhi Qar
33%
Maysan
31%
Al-Qādisiyyah
25%
No matching quizzes found
Score Distribution
Percent of People with Each Score
Percentile by Number Answered
Your Score History
You have not taken this quiz